Особенности геологического строения продуктивных горизонтов подсолевого комплекса на территории Приленского нефтегазоносного района (Иркутская область); Проблемы геологии и освоения недр; Т. 1

Detalles Bibliográficos
Parent link:Проблемы геологии и освоения недр: труды XXIII Международного симпозиума имени академика М. А. Усова студентов и молодых ученых, посвященного 120-летию со дня рождения академика К. И. Сатпаева, 120-летию со дня рождения профессора К. В. Радугина, Томск, 8-12 апреля 2019 г./ Национальный исследовательский Томский политехнический университет, Инженерная школа природных ресурсов ; гл. ред. А. С. Боев ; под ред. Е. Ю. Пасечник.— , 2019
Т. 1.— 2019.— [С. 250-252]
Autor Principal: Романов В. И.
Autor Corporativo: Национальный исследовательский Томский политехнический университет
Outros autores: Кудряшова Л. К. Лидия Константиновна (научный руководитель)
Summary:Заглавие с экрана
Idioma:ruso
Publicado: 2019
Series:Геология нефти и газа. Современные методы поисков и разведки углеводородного сырья. Геоинформационные системы в геологии нефти и газа
Subjects:
Acceso en liña:http://earchive.tpu.ru/handle/11683/56098
Formato: Electrónico Capítulo de libro
KOHA link:https://koha.lib.tpu.ru/cgi-bin/koha/opac-detail.pl?biblionumber=629831

MARC

LEADER 00000naa2a2200000 4500
001 629831
005 20231102024426.0
035 |a (RuTPU)RU\TPU\conf\30634 
035 |a RU\TPU\conf\30625 
090 |a 629831 
100 |a 20191002d2019 k y0rusy50 ca 
101 0 |a rus 
102 |a RU 
105 |a y z 100zy 
135 |a drgn ---uucaa 
181 0 |a i  
182 0 |a b 
200 1 |a Особенности геологического строения продуктивных горизонтов подсолевого комплекса на территории Приленского нефтегазоносного района (Иркутская область)  |f В. И. Романов  |g науч. рук. Л. К. Кудряшова 
203 |a Текст  |c электронный 
225 1 |a Геология нефти и газа. Современные методы поисков и разведки углеводородного сырья. Геоинформационные системы в геологии нефти и газа 
230 |a 1 компьютерный файл (pdf; 304 Kb) 
300 |a Заглавие с экрана 
320 |a [Библиогр.: с. 252 (3 назв.)] 
461 1 |0 (RuTPU)RU\TPU\conf\30471  |t Проблемы геологии и освоения недр  |o труды XXIII Международного симпозиума имени академика М. А. Усова студентов и молодых ученых, посвященного 120-летию со дня рождения академика К. И. Сатпаева, 120-летию со дня рождения профессора К. В. Радугина, Томск, 8-12 апреля 2019 г.  |o в 2 т.  |f Национальный исследовательский Томский политехнический университет, Инженерная школа природных ресурсов ; гл. ред. А. С. Боев ; под ред. Е. Ю. Пасечник  |d 2019 
463 1 |0 (RuTPU)RU\TPU\conf\30473  |t Т. 1  |v [С. 250-252]  |d 2019 
610 1 |a труды учёных ТПУ 
610 1 |a электронный ресурс 
610 1 |a геологическое строение 
610 1 |a продуктивные горизонты 
610 1 |a подсолевые комплексы 
610 1 |a нефтегазоносные районы 
610 1 |a Иркутская область 
610 1 |a осадконакопление 
610 1 |a газонефтяные месторождения 
700 1 |a Романов  |b В. И. 
702 1 |a Кудряшова  |b Л. К.  |c геолог  |c ассистент Томского политехнического университета, младший научный сотрудник  |f 1990-  |g Лидия Константиновна  |2 stltpush  |4 727 
712 0 2 |a Национальный исследовательский Томский политехнический университет  |c (2009- )  |2 stltpush  |3 (RuTPU)RU\TPU\col\15902  |9 26305 
801 2 |a RU  |b 63413507  |c 20191010  |g RCR 
856 4 |u http://earchive.tpu.ru/handle/11683/56098 
942 |c BK